Cultura en el taller de diseño muestra 2021 : retroalimentación a los procesos de enseñanza y aprendizaje de diseño de la arquitectura en la Escuela de Arquitectura de la Universidad de Costa Rica
Saved in:
| Main Author: | |
|---|---|
| Other Authors: | , |
| Format: | Book |
| Language: | Spanish |
| Published: |
[San José, Costa Rica]
2023
|
| Subjects: | |
| Tags: |
Add Tag
No Tags, Be the first to tag this record!
|
MARC
| LEADER | 00000nam a2200000Ia 4500 | ||
|---|---|---|---|
| 003 | 013849 | ||
| 005 | 20240404113721.0 | ||
| 008 | 140114s2023 cr a 000 ||spa d | ||
| 040 | |c cru CEDI | ||
| 100 | |a Acuña Arroyo, Melissa María, 1998- |9 2889 | ||
| 245 | |a Cultura en el taller de diseño muestra 2021 : retroalimentación a los procesos de enseñanza y aprendizaje de diseño de la arquitectura en la Escuela de Arquitectura de la Universidad de Costa Rica | ||
| 260 | |a [San José, Costa Rica] |c 2023 | ||
| 500 | |a Proyecto de graduación (licenciatura en arquitectura)--Universidad de Costa Rica. Facultad de Ingeniería. Escuela de Arquitectura | ||
| 501 | |a Director de Proyecto de Graduación: Mag. Alfonso Masis Esquivel | ||
| 650 | |x DISEÑO ARQUITECTONICO - ENSEÑANZA SUPERIOR |x SALONES DE CLASE - DISEÑO |x SALONES DE CLASE | ||
| 700 | |a Badilla Arróliga, Benjamín, 1996- |9 2890 | ||
| 700 | |a Masís Esquivel, Alfonso, 1960- |d Director del TFG |9 2888 | ||
| 942 | |c TFG |e TFG 8990 |h 013849 |6 013849_000000000000000 | ||
| 999 | |c 13071 |d 13071 | ||
